000 00706nam a2200217Ia 4500
003 OSt
005 20220925202741.0
006 a|||||r|||| 00| 0
007 ta
008 220923b |||||||| |||| 00| 0 eng d
037 _cGeneral Book
040 _aRTL
_cRTL
_beng
041 _2eng
_aeng
245 0 _aStudy of accounting for inflation with special ref
260 _aDelhi
_bUniversity of Delhi
_c1979
300 _a104 Bibliography: P 97-104
_ccm.
490 _aUniversity of Delhi, Commerce and Business (Faculty of-), Dissertation. Dissertation, University of Delhi, Commerce and Business (Faculty of-
650 _aMONEY MARKET
942 _cGB
_2CC
999 _c544017
_d544017